Catálogo público

Enfermedades de origen viral en plantas cultivadas en México / (Record no. 169648)

MARC details
000 -CABECERA
campo de control de longitud fija 00924nam a2200313Ia 4500
001 - NÚMERO DE CONTROL
campo de control Z_6392
003 - IDENTIFICADOR DEL NÚMERO DE CONTROL
campo de control CHAP
008 - DATOS DE LONGITUD FIJA--INFORMACIÓN GENERAL
campo de control de longitud fija 220113s9999 xx 000 0 und d
010 ## - NÚMERO DE CONTROL DE LA BIBLIOTECA DEL CONGRESO
Número de control de LC 169648
020 ## - NÚMERO INTERNACIONAL ESTÁNDAR DEL LIBRO
Número Internacional Estándar del Libro 978-607-402-492-0
040 ## - FUENTE DE LA CATALOGACIÓN
Centro/agencia transcriptor CHAP
082 ## - NÚMERO DE LA CLASIFICACIÓN DECIMAL DEWEY
Número de clasificación 632.8 T67
100 ## - ENTRADA PRINCIPAL--NOMBRE DE PERSONA
Nombre de persona Torre Almaraz, Rodolfo de La
9 (RLIN) 113992
245 ## - MENCIÓN DE TÍTULO
Título Enfermedades de origen viral en plantas cultivadas en México /
Mención de responsabilidad, etc. Rodolfo De La Torre Almaraz
260 ## - PUBLICACIÓN, DISTRIBUCIÓN, ETC.
Lugar de publicación, distribución, etc. México :
Nombre del editor, distribuidor, etc. Plaza y Valdez :,
-- UNAM, FES-Iztacala,
Fecha de publicación, distribución, etc.
300 ## - DESCRIPCIÓN FÍSICA
Extensión 86 p.
503 ## - NOTA DE HISTORIA BIBLIOGRÁFICA (BK CF MU) [OBSOLETO]
Nota de historia bibliográfica ej.1- ej.2: consumo
504 ## - NOTA DE BIBLIOGRAFÍA, ETC.
Nota de bibliografía, etc. Biblliografía: p. 39 - 43, Incluye índice de figuras
650 ## - PUNTO DE ACCESO ADICIONAL DE MATERIA--TÉRMINO DE MATERIA
Término de materia o nombre geográfico como elemento de entrada Enfermedades virales
Subdivisión general
-- plantas
9 (RLIN) 144626
650 ## - PUNTO DE ACCESO ADICIONAL DE MATERIA--TÉRMINO DE MATERIA
Término de materia o nombre geográfico como elemento de entrada Patología vegetal
9 (RLIN) 144627
650 ## - PUNTO DE ACCESO ADICIONAL DE MATERIA--TÉRMINO DE MATERIA
Término de materia o nombre geográfico como elemento de entrada Virus
Subdivisión general
-- plantas
9 (RLIN) 144628
650 ## - PUNTO DE ACCESO ADICIONAL DE MATERIA--TÉRMINO DE MATERIA
Término de materia o nombre geográfico como elemento de entrada Virus fitopatógenos
9 (RLIN) 144629
901 ## - ELEMENTOS DE DATOS A LOCAL LDA (RLIN)
a 632.8 T67
902 ## - ELEMENTOS DE DATOS B LOCAL, LDB (RLIN)
a M
910 ## - DATOS DE OPCIÓN DEL USUARIO (OCLC)
Datos de opción del usuario
942 ## - ELEMENTOS DE PUNTO DE ACCESO ADICIONAL (KOHA)
Tipo de ítem Koha Libro_
942 ## - ELEMENTOS DE PUNTO DE ACCESO ADICIONAL (KOHA)
Tipo de ítem Koha
Holdings
Estado de retiro Estado de pérdida Fuente del sistema de clasificación o colocación Estado dañado Restricciones de uso No para préstamo Código de colección Localización permanente Ubicación/localización actual Fecha de adquisición Signatura topográfica completa Código de barras Fecha visto por última vez Número de copia Precio válido a partir de Tipo de ítem Koha Ubicación en estantería Total de préstamos Renovaciones totales Fecha del último préstamo
    Dewey Decimal Classification   Préstamo 15 días   General Biblioteca Central Biblioteca Central 12/04/2023 632.80972 T67 2012 33724002567827 12/04/2023   12/04/2023 Libro Planta principal - Colección General      
    Dewey Decimal Classification   Préstamo 15 días   General Biblioteca Central Biblioteca Central 12/04/2023 632.80972 T67 2012 33724002567868 26/06/2025 c.2 12/04/2023 Libro Planta principal - Colección General 2 1 10/06/2025
    Dewey Decimal Classification   Préstamo 3 días   General Parasitologia Agricola Parasitologia Agricola 30/01/2014 632.8 972 T67 2012 010032 18/01/2022 2 18/01/2022 Libro        
    Dewey Decimal Classification   Préstamo 3 días   General Parasitologia Agricola Parasitologia Agricola 30/01/2014 632.8 972 T67 2012 010031 18/01/2022 2 18/01/2022 Libro